000 00657nam a22001697a 4500
003 DO-SdBNP
005 20171129092208.0
008 171129b 2009sp||||| |||| 00| 0 spa d
040 _aBNPHU
_bspa
_cBNPHU
245 0 _aCarteles de la Guerra Civil
_h[ Material gráfico]
260 _aBarcelona:
_bSol 90,
_c2009.
300 _a1 carpeta (40 làminas) :
_bcol., ;
_c31 cm.
500 _aReproducción de carteles (Biblioteca del Pavelló de la República) realizada por el diario "Público"
710 _aUniversidad de Barcelona . b Biblioteca . b Pavelló de la República.
_bBiblioteca. Pavelló
942 _2ddc
_cBK
945 _aInventariado, 2017/MFF
999 _c13192
_d13192